07565cam a2201189 a 4500020001700000082002300017100002900040245007800069250001200147260004200159300003500201526003700236526003700273526003700310526003700347526003700384526003700421526003700458526003700495526003700532526003700569526003700606526003700643526003700680526003700717526003700754526003700791526003700828526003700865526003700902526003700939526003700976526003701013526003701050526003701087526003701124526003701161526003701198526003701235526003701272526003701309526003701346526003701383526003701420526003701457526003701494526003701531526003701568526003701605526003701642526003701679526003701716526003701753526003701790650004101827650001301868942001201881999001901893952011301912952009802025952009802123952009802221952009802319952011002417952011302527952009802640952011302738952009802851952009802949952009803047952011303145952009803258952009803356952011003454952011003564952011003674952011303784952011303897952009804010952009804108952009804206952011004304952011304414952011304527952011304640952009804753952009804851952009804949952011305047952009805160952009805258952009805356952009805454952009805552952011305650952011005763952009805873952009805971952011006069952009806179952009806277 a9698031197 :00a954.9105bMATcDon1 aMatinuddin, Kamal.9553010aTragedy of errors :bEast Pakistan crisis, 1968-1971 /cKamal Matinuddin. a1st ed. aLahore, Pakistan :bWajidalis,c1994. a530 p. :bill., maps ;c23 cm. a0b0c0d954_910500000000000_MAT a0b0c0d954_910500000000000_MAT a0b0c0d954_910500000000000_MAT a0b0c0d954_910500000000000_MAT a0b0c0d954_910500000000000_MAT a0b0c0d954_910500000000000_MAT a0b0c0d954_910500000000000_MAT a0b0c0d954_910500000000000_MAT a0b0c0d954_910500000000000_MAT a0b0c0d954_910500000000000_MAT a0b0c0d954_910500000000000_MAT a0b0c0d954_910500000000000_MAT a0b0c0d954_910500000000000_MAT a0b0c0d954_910500000000000_MAT a0b0c0d954_910500000000000_MAT a0b0c0d954_910500000000000_MAT a0b0c0d954_910500000000000_MAT a0b0c0d954_910500000000000_MAT a0b0c0d954_910500000000000_MAT a0b0c0d954_910500000000000_MAT a0b0c0d954_910500000000000_MAT a0b0c0d954_910500000000000_MAT a0b0c0d954_910500000000000_MAT a0b0c0d954_910500000000000_MAT a0b0c0d954_910500000000000_MAT a0b0c0d954_910500000000000_MAT a0b0c0d954_910500000000000_MAT a0b0c0d954_910500000000000_MAT a0b0c0d954_910500000000000_MAT a0b0c0d954_910500000000000_MAT a0b0c0d954_910500000000000_MAT a0b0c0d954_910500000000000_MAT a0b0c0d954_910500000000000_MAT a0b0c0d954_910500000000000_MAT a0b0c0d954_910500000000000_MAT a0b0c0d954_910500000000000_MAT a0b0c0d954_910500000000000_MAT a0b0c0d954_910500000000000_MAT a0b0c0d954_910500000000000_MAT a0b0c0d954_910500000000000_MAT a0b0c0d954_910500000000000_MAT a0b0c0d954_910500000000000_MAT a0b0c0d954_910500000000000_MAT 0aIndia-Pakistan Conflict, 1971.95188 0aMCE9379 2ddccBK c549957d549957 00102ddc4070aMCEbMCEd2014-10-17l2m1o954.9105 MATpMCE-44906r2019-05-27s2019-03-18w2014-10-17yBK 00102ddc4070aMCEbMCEd2014-11-14l0o954.9105 MATpMCE-44889r2014-11-14w2014-11-14yBK 00102ddc4070aMCEbMCEd2014-11-14l0o954.9105 MATpMCE-44890r2014-11-14w2014-11-14yBK 00102ddc4070aMCEbMCEd2014-11-14l0o954.9105 MATpMCE-44891r2014-11-14w2014-11-14yBK 00102ddc4070aMCEbMCEd2014-11-14l0o954.9105 MATpMCE-44892r2014-11-14w2014-11-14yBK 00102ddc4070aMCEbMCEd2014-11-14l2o954.9105 MATpMCE-44893r2017-01-26s2016-10-19w2014-11-14yBK 00102ddc4070aMCEbMCEd2014-11-14l1m1o954.9105 MATpMCE-44894r2020-04-21s2020-04-21w2014-11-14yBK 00102ddc4070aMCEbMCEd2014-11-14l0o954.9105 MATpMCE-44895r2014-11-14w2014-11-14yBK 00102ddc4070aMCEbMCEd2014-11-14l4m1o954.9105 MATpMCE-44896r2020-10-23s2020-10-09w2014-11-14yBK 00102ddc4070aMCEbMCEd2014-11-14l0o954.9105 MATpMCE-44897r2014-11-14w2014-11-14yBK 00102ddc4070aMCEbMCEd2014-11-14l0o954.9105 MATpMCE-44898r2014-11-14w2014-11-14yBK 00102ddc4070aMCEbMCEd2014-11-14l0o954.9105 MATpMCE-44899r2014-11-14w2014-11-14yBK 00102ddc4070aMCEbMCEd2014-11-14l1m1o954.9105 MATpMCE-44900r2020-08-13s2020-02-28w2014-11-14yBK 00102ddc4070aMCEbMCEd2014-11-14l0o954.9105 MATpMCE-44901r2014-11-14w2014-11-14yBK 00102ddc4070aMCEbMCEd2014-11-14l0o954.9105 MATpMCE-44902r2014-11-14w2014-11-14yBK 00102ddc4070aMCEbMCEd2014-11-14l2o954.9105 MATpMCE-44903r2015-02-06s2014-12-10w2014-11-14yBK 00102ddc4070aMCEbMCEd2014-11-14l1o954.9105 MATpMCE-44904r2017-09-15s2017-08-16w2014-11-14yBK 00102ddc4070aMCEbMCEd2014-11-14l1o954.9105 MATpMCE-44905r2020-10-29s2020-02-25w2014-11-14yBK 00102ddc4070aMCEbMCEd2014-11-14l6m5o954.9105 MATpMCE-44907r2020-12-04s2020-12-04w2014-11-14yBK 00102ddc4070aMCEbMCEd2014-11-14l2m2o954.9105 MATpMCE-44908r2021-01-05s2021-01-05w2014-11-14yBK 00102ddc4070aMCEbMCEd2014-11-14l0o954.9105 MATpMCE-44909r2014-11-14w2014-11-14yBK 00102ddc4070aMCEbMCEd2014-11-14l0o954.9105 MATpMCE-44910r2014-11-14w2014-11-14yBK 00102ddc4070aMCEbMCEd2014-11-14l0o954.9105 MATpMCE-44911r2014-11-14w2014-11-14yBK 00102ddc4070aMCEbMCEd2014-11-14l1o954.9105 MATpMCE-44912r2021-01-08s2020-12-23w2014-11-14yBK 00102ddc4070aMCEbMCEd2014-11-14l2m1o954.9105 MATpMCE-44913r2020-09-14s2019-12-16w2014-11-14yBK 00102ddc4070aMCEbMCEd2014-11-14l4m2o954.9105 MATpMCE-44914r2020-08-17s2020-05-21w2014-11-14yBK 00102ddc4070aMCEbMCEd2014-11-14l3m1o954.9105 MATpMCE-44915r2016-10-13s2016-09-30w2014-11-14yBK 00102ddc4070aMCEbMCEd2014-11-14l0o954.9105 MATpMCE-44916r2014-11-14w2014-11-14yBK 00102ddc4070aMCEbMCEd2014-11-14l0o954.9105 MATpMCE-44917r2014-11-14w2014-11-14yBK 00102ddc4070aMCEbMCEd2014-11-14l0o954.9105 MATpMCE-44918r2014-11-14w2014-11-14yBK 00102ddc4070aMCEbMCEd2014-11-14l3m1o954.9105 MATpMCE-44919r2020-10-05s2020-08-17w2014-11-14yBK 00102ddc4070aMCEbMCEd2014-11-14l0o954.9105 MATpMCE-44920r2014-11-14w2014-11-14yBK 00102ddc4070aMCEbMCEd2014-11-14l0o954.9105 MATpMCE-44921r2014-11-14w2014-11-14yBK 00102ddc4070aMCEbMCEd2014-11-14l0o954.9105 MATpMCE-44922r2014-11-14w2014-11-14yBK 00102ddc4070aMCEbMCEd2014-11-14l0o954.9105 MATpMCE-44923r2014-11-14w2014-11-14yBK 00102ddc4070aMCEbMCEd2014-11-14l0o954.9105 MATpMCE-44924r2014-11-14w2014-11-14yBK 00102ddc4070aMCEbMCEd2014-11-14l1m1o954.9105 MATpMCE-44925r2015-06-05s2015-03-25w2014-11-14yBK 00102ddc4070aMCEbMCEd2014-11-14l1o954.9105 MATpMCE-44926r2020-11-27s2020-11-18w2014-11-14yBK 00102ddc4070aMCEbMCEd2014-11-14l0o954.9105 MATpMCE-44927r2014-11-14w2014-11-14yBK 00102ddc4070aMCEbMCEd2014-11-14l0o954.9105 MATpMCE-44928r2014-11-14w2014-11-14yBK 00102ddc4070aMCEbMCEd2014-11-14l1o954.9105 MATpMCE-44929r2019-05-30s2019-03-18w2014-11-14yBK 00102ddc4070aMCEbMCEd2014-11-14l0o954.9105 MATpMCE-44930r2014-11-14w2014-11-14yBK 00102ddc4070aMCEbMCEd2019-04-05l0o954.9105 MATpMCE-34572r2019-04-05w2019-04-05yBK